J.R.R. Tolkien para principiantes /

Guardat en:
Dades bibliogràfiques
Autor principal: Repún, Graciela (autor)
Altres autors: Melatoni, Enrique (ilustración) (ilustración), Fedhar (ilustración) (ilustración)
Format: Llibre
Idioma:espanyol
Publicat: Buenos Aires, Argentina : Era Naciente, 2001, c2001
Col·lecció:(Documentales Ilustrados)
Matèries:
Etiquetes: Afegir etiqueta
Sense etiquetes, Sigues el primer a etiquetar aquest registre!

MARC

LEADER 00000nam^a2200000^a^4500
001 000153455
005 20250521000000.0
009 20260310100319.413
020 |a 987-9065-93-X 
037 |a Acervo ITESO - Biblioteca 
041 |a ESP 
082 |a 920. 02  |b PRI V. 73 
100 |a Repún, Graciela  |e (autor) 
240 1 1 |a [Principiantes] 
245 1 0 |a J.R.R. Tolkien para principiantes /  |c G. Repún ; il. de E. Melatoni, Fedhar. 
264 4 |a Buenos Aires, Argentina :  |b Era Naciente,  |c 2001, c2001 
300 |a 176 p. 
336 |a texto  |b txt  |2 rdacontenido 
337 |a sin mediación  |b n  |2 rdamedio 
338 |a volumen  |b nc  |2 rdasoporte 
440 1 |a (Documentales Ilustrados) 
545 0 |a Nacido en Bloemfontein, Sudáfrica en 1892 y fallecido en 1973 en Bournemouth, Inglaterra, J.R.R. Tolkien es uno de los autores más leídos de la literatura mundial del siglo XX. Autor de importantes obras filológicas sobre las leyendas medievales sajonas y célticas, Tolkien se ha inspirado en temas y referentes de la literatura fantástica medieval para crear una saga de cuatro narraciones: El hobitt (1937) y la trilogía de El señor de los anillos (1954-1955). Los numerosos lectores de estas obras las han vuelto un fenómeno sociológico de indiscutible interés, pero los críticos destacan que por encima de este éxito de ventas, el escritor inglés es creador de una narrativa compleja y de rica inventiva. Este libro ofrece un esbozo biográfico de Tolkien y de su pensamiento, a la vez que muestra las lenguas imaginarias que el autor creó; incluye un recorrido por los lugares y personajes que aparecen en su obra. 
649 |a XX 
650 |a Escritores Ingleses 
650 |a Lingüistas y Semiólogos Ingleses 
650 |a Literatura Fantástica -  |z Inglaterra -  |x Historia y Crítica 
650 |a Literatura Inglesa -  |x Historia y Crítica 
650 |a Literatura Inglesa -  |y Siglo XX 
650 |a Tolkien, J.R.R. -  |x Tema Principal 
700 |a Melatoni, Enrique  |e (ilustración) 
700 |a Fedhar  |e (ilustración) 
910 |a Fondo General 
920 |a Impresos - Libros 
930 |a Colección General 
905 |a 101 
901 |a 0500082022  |b IT1  |c ACC  |u 20250521 
902 |a https://opac.biblio.iteso.mx/vufind/Record/000153455